<?xml version="1.0" encoding="UTF-8"?>
<record
    xmlns:xsi="http://www.w3.org/2001/XMLSchema-instance"
    xsi:schemaLocation="http://www.loc.gov/MARC21/slim http://www.loc.gov/standards/marcxml/schema/MARC21slim.xsd"
    xmlns="http://www.loc.gov/MARC21/slim">

  <leader>01067nam a22002777a 4500</leader>
  <datafield tag="999" ind1=" " ind2=" ">
    <subfield code="c">21505</subfield>
    <subfield code="d">21505</subfield>
  </datafield>
  <controlfield tag="003">AR-CdUCM</controlfield>
  <controlfield tag="008">190220b           ||||| |||| 00| 0 spa d</controlfield>
  <datafield tag="020" ind1=" " ind2=" ">
    <subfield code="a">9786123171483</subfield>
  </datafield>
  <datafield tag="040" ind1=" " ind2=" ">
    <subfield code="a">MUNICIPALIDAD PROVINCIAL DEL CUSCO</subfield>
    <subfield code="c">BIBLIOTECA MUNICIPAL DEL CUSCO</subfield>
  </datafield>
  <datafield tag="082" ind1=" " ind2=" ">
    <subfield code="a">338.985/G67</subfield>
    <subfield code="b">G67</subfield>
  </datafield>
  <datafield tag="100" ind1=" " ind2=" ">
    <subfield code="a">Gonzales de Olarte, Efra&#xED;n</subfield>
  </datafield>
  <datafield tag="245" ind1=" " ind2=" ">
    <subfield code="a">Una econom&#xED;a incompleta, Per&#xFA; 1950-2007 :</subfield>
    <subfield code="b">an&#xE1;lisis estructural /</subfield>
    <subfield code="c">Efra&#xED;n Gonzales de Olarte</subfield>
  </datafield>
  <datafield tag="260" ind1=" " ind2=" ">
    <subfield code="a">Lima :</subfield>
    <subfield code="b">Instituto de Estudios Peruanos, IEP,</subfield>
    <subfield code="b">Pontificia Universidad Cat&#xF3;lica del Per&#xFA;,</subfield>
    <subfield code="c">2015.</subfield>
  </datafield>
  <datafield tag="300" ind1=" " ind2=" ">
    <subfield code="a">289, [20] p&#xE1;ginas., [3] hojas. plegables. :</subfield>
    <subfield code="b">diagramas ;</subfield>
    <subfield code="c">24 cm.</subfield>
    <subfield code="e">+ 1 CD-ROM.</subfield>
  </datafield>
  <datafield tag="650" ind1=" " ind2=" ">
    <subfield code="a">Insumo</subfield>
    <subfield code="9">45134</subfield>
  </datafield>
  <datafield tag="650" ind1=" " ind2=" ">
    <subfield code="a">Econom&#xED;a</subfield>
    <subfield code="9">382</subfield>
  </datafield>
  <datafield tag="650" ind1=" " ind2=" ">
    <subfield code="a">Producto</subfield>
    <subfield code="9">45135</subfield>
  </datafield>
  <datafield tag="650" ind1=" " ind2=" ">
    <subfield code="a">Modelos econ&#xF3;micos</subfield>
    <subfield code="9">45136</subfield>
  </datafield>
  <datafield tag="650" ind1=" " ind2=" ">
    <subfield code="a">Desarrollo econ&#xF3;mico</subfield>
    <subfield code="9">1696</subfield>
  </datafield>
  <datafield tag="650" ind1=" " ind2=" ">
    <subfield code="a">Aspectos sociales</subfield>
    <subfield code="9">262</subfield>
  </datafield>
  <datafield tag="650" ind1=" " ind2=" ">
    <subfield code="a">Per&#xFA;</subfield>
    <subfield code="9">45137</subfield>
  </datafield>
  <datafield tag="710" ind1=" " ind2=" ">
    <subfield code="a">Instituto de Estudios Peruanos (Lima)</subfield>
    <subfield code="9">9759</subfield>
  </datafield>
  <datafield tag="710" ind1=" " ind2=" ">
    <subfield code="a">Pontificia Universidad Cat&#xF3;lica del Per&#xFA;</subfield>
    <subfield code="9">400</subfield>
  </datafield>
  <datafield tag="942" ind1=" " ind2=" ">
    <subfield code="2">ddc</subfield>
    <subfield code="c">LIBROS</subfield>
  </datafield>
  <datafield tag="945" ind1=" " ind2=" ">
    <subfield code="a">Roel</subfield>
  </datafield>
  <datafield tag="952" ind1=" " ind2=" ">
    <subfield code="0">0</subfield>
    <subfield code="2">ddc</subfield>
    <subfield code="4">0</subfield>
    <subfield code="7">0</subfield>
    <subfield code="a">SH</subfield>
    <subfield code="b">SH</subfield>
    <subfield code="c">CART</subfield>
    <subfield code="d">2020-09-18</subfield>
    <subfield code="e">Compra</subfield>
    <subfield code="g">50.00</subfield>
    <subfield code="o">338.985/G67</subfield>
    <subfield code="p">SH0000015897</subfield>
    <subfield code="r">2020-09-18</subfield>
    <subfield code="y">LIBROS</subfield>
  </datafield>
  <datafield tag="952" ind1=" " ind2=" ">
    <subfield code="0">0</subfield>
    <subfield code="2">ddc</subfield>
    <subfield code="4">0</subfield>
    <subfield code="7">0</subfield>
    <subfield code="a">SH</subfield>
    <subfield code="b">SH</subfield>
    <subfield code="c">CART</subfield>
    <subfield code="d">2020-09-18</subfield>
    <subfield code="e">Compra</subfield>
    <subfield code="g">50.00</subfield>
    <subfield code="o">338.985/G67/e.2</subfield>
    <subfield code="p">SH0000015898</subfield>
    <subfield code="r">2020-09-18</subfield>
    <subfield code="y">LIBROS</subfield>
  </datafield>
</record>
